| 000 | 00652nam a2200205 a 4500 | ||
|---|---|---|---|
| 003 | OSt | ||
| 005 | 20240226145427.0 | ||
| 008 | 180220t2015 pk | |||| 000 j urd d | ||
| 020 | _a9789693504651 | ||
| 040 | _c0 | ||
| 082 |
_a891.4393 _bQUR 2015 |
||
| 100 | 1 |
_aقرۃالعين حيدر _9121321 |
|
| 245 | 1 | 0 |
_aستاروں سے آگے _cQurat Ul Ain Haider |
| 246 | _aSitaroon Say Aagay | ||
| 260 |
_aLahore: _bSang e Meel Pub; _c2015. |
||
| 300 | _a208 p. | ||
| 650 |
_aUrdu literature _vShort Stories _91444 |
||
| 942 |
_2ddc _cBK _aSADA _k891.4393 QUR 2015 |
||
| 999 |
_c608222 _d608222 |
||